Normal view
MARC view
Entry Personal Name
001 - CONTROL NUMBER
- control field: 50648
003 - CONTROL NUMBER IDENTIFIER
- control field: dpl
005 - DATE AND TIME OF LATEST TRANSACTION
- control field: 20120801104009.0
008 - FIXED-LENGTH DATA ELEMENTS
- fixed length control field: 120801|||a|||||| | ||| d
040 ## - CATALOGING SOURCE
- Original cataloging agency: dpl
- Transcribing agency: dpl
100 ## - HEADING--PERSONAL NAME
- Personal name: Gupta, C.B.
670 ## - SOURCE DATA FOUND
- Source citation: Work cat.: (dpl)67465: Gupta, C.B., Business environment /, 2012
670 ## - SOURCE DATA FOUND
- Source citation: Work cat.: (dpl)67465: Gupta, C.B., Business environment /, 2012
